The international political economy of natural resources
Αποθηκεύτηκε σε:
| Άλλοι συγγραφείς: | |
|---|---|
| Μορφή: | Βιβλίο |
| Γλώσσα: | English |
| Δημοσίευση: |
Aldershot; Brookfield :
Edward Elgar,
c1993
|
| Σειρά: | Library of international political economy ;
; 2 Elgar reference collection |
| Θέματα: | |
| Ετικέτες: |
Προσθήκη ετικέτας
Δεν υπάρχουν, Καταχωρήστε ετικέτα πρώτοι!
|
MARC
| LEADER | 00000nam a2200000 i 4500 | ||
|---|---|---|---|
| 001 | 1/93418 | ||
| 008 | 940517s1993 eng d | ||
| 020 | |a 1-85278-602-7 | ||
| 035 | |l 10008824 | ||
| 040 | |a GR-MY-UA |b gre |e aacr | ||
| 041 | 0 | |a eng | |
| 082 | 0 | |a 333.7 | |
| 245 | 1 | 4 | |a The international political economy of natural resources / |c edited by Mark W. Zacher |
| 260 | |a Aldershot; Brookfield : |b Edward Elgar, |c c1993 | ||
| 300 | |a 410 p.: v.1, 518 p.: v.2 |b tables; fig. | ||
| 490 | 1 | |a Library of international political economy |v ; 2 | |
| 490 | 1 | |a Elgar reference collection | |
| 500 | |a Both volumes include indexes | ||
| 650 | 0 | 0 | |a Raw materials |x Political aspects. |
| 650 | 0 | 0 | |a Natural resources. |
| 650 | 0 | 0 | |a International economic relations. |
| 650 | 0 | 0 | |a Strategic materials. |
| 700 | 1 | |a Zacher, Mark W. |4 edt | |
| 830 | 0 | |a Library of international political economy ; |v ; 2 | |
| 830 | 0 | |a Elgar reference collection | |
| 852 | |a INST |b LESVOS |e 19940517 |h 333.7 INT |p 005100004340 |q 005100004340 |t BK |y 0 |z v.2 | ||
| 852 | |a INST |b LESVOS |e 19940517 |h 333.7 INT |p 005100004341 |q 005100004341 |t BK |y 0 |z v.1 | ||
| 852 | |a INST |b LESVOS |e 19940517 |h 333.7 INT |p 005100004340 |q 005100004340 |t BK |v v.2: |y 0 |z v.2 | ||
| 852 | |a INST |b LESVOS |e 19940517 |h 333.7 INT |p 005100004341 |q 005100004341 |t BK |v v.1: |y 0 |z v.1 | ||
| 853 | |a INST |b LESVOS |h 333.7 INT | ||
| 909 | |a Λ |b 033908 | ||
| 909 | |a Λ |b 033909 | ||